000 00340nam a2200157Ia 4500
003 Ost
005 20260225132545.0
008 260225s9999||||xx |||||||||||||| ||und||
040 _cfsic
041 _afre
082 _a440
100 _aAli el kenz
_eAuteur
245 0 _aAu fil de la crise /
245 0 _cAli el kenz
942 _cكتاب
999 _c33797
_d33797